[Event "LLHH 2122 Hamburger SK VI - SV Diagonal"]
[Site "?"]
[Date "2022.05.07"]
[Round "7.2"]
[White "Meyling, Lennart"]
[Black "Fries-Nielsen, Niels Jorgen"]
[Result "1/2-1/2"]
[WhiteElo "2089"]
[BlackElo "2295"]
[PlyCount "93"]
[EventDate "2022.??.??"]

1. d4 Nf6 2. c4 c5 3. d5 b5 4. cxb5 a6 5. e3 g6 6. Nc3 d6 7. Nf3 Bg7 8. Be2 O-O
9. O-O axb5 10. Bxb5 Ba6 11. Bxa6 Nxa6 12. Rb1 Qa5 13. Bd2 Rfb8 14. a3 Nc7 15.
e4 Nd7 16. Qc2 Nb5 17. Nxb5 Qxb5 18. Bc3 Qb3 19. Qxb3 Rxb3 20. Nd2 Rb5 21. Bxg7
Kxg7 22. Rfc1 Ra7 23. Rc3 f5 24. exf5 gxf5 25. Nc4 Nf6 26. Rg3+ Kf7 27. Rg5 Ra4
28. Rc1 Nxd5 29. Rxf5+ Ke6 30. Rf3 Ra8 31. Rd3 Nb6 32. Re1+ Kd7 33. Ne5+ Kc7
34. Nf7 Nc8 35. Re2 Rab8 36. Rdd2 c4 37. Rc2 Rc5 38. f4 Kd7 39. g3 Nb6 40. Red2
Rd5 41. Rxd5 Nxd5 42. Kf2 Rb3 43. Ng5 Ne3 44. Rd2 Ng4+ 45. Kg2 h6 46. Nf3 Ne3+
47. Kf2 1/2-1/2

[Event "LLHH 2122 Hamburger SK VI - SV Diagonal"]
[Site "?"]
[Date "2022.05.07"]
[Round "7.3"]
[White "Guindy, Esmat Susanne"]
[Black "Fuhrmann, Aake"]
[Result "1/2-1/2"]
[WhiteElo "2101"]
[BlackElo "1937"]
[PlyCount "138"]
[EventDate "2022.??.??"]

1. d4 Nf6 2. c4 g6 3. Nf3 Bg7 4. g3 O-O 5. Bg2 d6 6. O-O Nc6 7. d5 Na5 8. Na3
c5 9. Re1 a6 10. e4 Rb8 11. Rb1 Bd7 12. b4 cxb4 13. Rxb4 b5 14. cxb5 Bxb5 15.
Bd2 Qc7 16. Nd4 Nc4 17. Ndxb5 axb5 18. Nxb5 Qc5 19. a4 Ng4 20. Rxc4 Qxc4 21.
Qxg4 Qxa4 22. Nc3 Qc2 23. Qd1 Rb2 24. Nb1 Bd4 25. Bf1 Rc8 26. Qxc2 Rcxc2 27.
Be3 Bxe3 28. fxe3 Rxh2 29. Nc3 Rhc2 30. Re2 Kg7 31. Rxc2 Rxc2 32. Ne2 Kf6 33.
Kf2 Ke5 34. Kf3 e6 35. Nd4 Rc5 36. dxe6 fxe6 37. Bh3 d5 38. exd5 exd5 39. Ke2
h5 40. Bg2 Rc4 41. Kd3 Ra4 42. Bf3 Ra3+ 43. Kd2 Ra2+ 44. Nc2 Ra4 45. Kd3 Ra5
46. Nb4 Rb5 47. Kc3 Rc5+ 48. Kb3 Rb5 49. Ka4 Rb7 50. Nxd5 g5 51. Nb4 Rh7 52.
Nd3+ Kf6 53. Kb4 g4 54. Be4 Re7 55. Nc5 h4 56. gxh4 g3 57. Kc4 g2 58. Bxg2 Rxe3
59. Kd4 Re2 60. Bf3 Rh2 61. h5 Kg5 62. Ne4+ Kh6 63. Nf6 Kg5 64. Ke5 Rh3 65. Bd1
Re3+ 66. Ne4+ Rxe4+ 67. Kxe4 Kh6 68. Ke5 Kg7 69. Bc2 Kh8 1/2-1/2

[Event "LLHH 2122 Hamburger SK VI - SV Diagonal"]
[Site "?"]
[Date "2022.05.07"]
[Round "7.4"]
[White "Klaas, Heiko"]
[Black "Easwaralingam, Adesh"]
[Result "1/2-1/2"]
[WhiteElo "1935"]
[BlackElo "2081"]
[PlyCount "96"]
[EventDate "2022.??.??"]

1. e4 c5 2. Nc3 Nc6 3. Nf3 e6 4. d4 cxd4 5. Nxd4 Qc7 6. g3 a6 7. Bg2 Nf6 8. O-O
Nxd4 9. Qxd4 Bc5 10. Qd3 Ng4 11. Bf4 Ne5 12. Na4 Ba7 13. Qc3 Qxc3 14. Nxc3 f6
15. a4 g5 16. Bc1 h5 17. b3 h4 18. Ne2 hxg3 19. hxg3 Rb8 20. c4 Bc5 21. Ba3
Bxa3 22. Rxa3 b5 23. axb5 axb5 24. f4 gxf4 25. gxf4 Nd3 26. Rd1 bxc4 27. bxc4
Nc5 28. e5 fxe5 29. fxe5 Rb2 30. Kf2 Ke7 31. Ke3 Rh5 32. Nf4 Rxe5+ 33. Kd4 Rf5
34. Bh3 Rxf4+ 35. Kxc5 Rh4 36. Rg3 Rc2 37. Bf1 Rh5+ 38. Kb4 Rb2+ 39. Kc3 Rf2
40. Bg2 Rh7 41. Ra1 Rh2 42. Be4 Rh4 43. Bf3 Rf4 44. Bg2 Rf8 45. Ra7 Kd6 46.
Rd3+ Ke5 47. Ra5+ d5 48. cxd5 Rxg2 1/2-1/2

[Event "LLHH 2122 Hamburger SK VI - SV Diagonal"]
[Site "?"]
[Date "2022.05.07"]
[Round "7.5"]
[White "Wasmuth, Matthias"]
[Black "Huo, Da"]
[Result "1/2-1/2"]
[WhiteElo "2153"]
[BlackElo "1828"]
[PlyCount "48"]
[EventDate "2022.??.??"]

1. d4 f5 2. Qd3 e6 3. g4 fxg4 4. h3 g3 5. fxg3 d5 6. Nf3 Nf6 7. Bf4 Bd6 8. Nc3
O-O 9. Be5 Nh5 10. Rg1 Bxe5 11. Nxe5 c5 12. O-O-O cxd4 13. Qxd4 Qg5+ 14. Kb1
Nc6 15. Nxc6 bxc6 16. h4 Qf6 17. Qxf6 Nxf6 18. e4 Bb7 19. exd5 cxd5 20. Bh3
Rfe8 21. Rge1 e5 22. Nb5 Re7 23. Nd6 Bc6 24. Nf5 Ree8 1/2-1/2

[Event "LLHH 2122 Hamburger SK VI - SV Diagonal"]
[Site "?"]
[Date "2022.05.07"]
[Round "7.6"]
[White "Stark, Thomas"]
[Black "Martin-Sommerfeldt, Luis"]
[Result "0-1"]
[WhiteElo "1989"]
[BlackElo "2019"]
[PlyCount "96"]
[EventDate "2022.??.??"]

1. d4 Nf6 2. c4 e6 3. Nc3 d5 4. cxd5 exd5 5. Bg5 Be7 6. e3 O-O 7. Qc2 c6 8. Bd3
Nbd7 9. Nge2 Re8 10. O-O Nf8 11. Ng3 g6 12. f3 Kg7 13. Qf2 Ne6 14. Bh4 Kg8 15.
Nge2 Nh5 16. Bg3 Nxg3 17. Nxg3 Bf6 18. Rad1 Qe7 19. f4 Nd8 20. Rfe1 Qb4 21. Rf1
a5 22. a3 Qb6 23. f5 Rf8 24. Qc2 Bh4 25. Rf3 g5 26. Rdf1 f6 27. Nge2 g4 28. Rf4
h5 29. Nd1 Bg5 30. R4f2 Qc7 31. Nf4 Bxf4 32. Rxf4 Nf7 33. h3 Nh6 34. e4 dxe4
35. Bc4+ Kh8 36. Qxe4 Bd7 37. Ne3 Rae8 38. Be6 gxh3 39. gxh3 Qd6 40. Nc4 Qc7
41. Re1 Bxe6 42. fxe6 Rxe6 43. Ne5 Rfe8 44. Ng6+ Kg7 45. Qxe6 Rxe6 46. Rxe6 Ng8
47. Re8 Kxg6 48. Rxg8+ Kf7 0-1

[Event "LLHH 2122 Hamburger SK VI - SV Diagonal"]
[Site "?"]
[Date "2022.05.07"]
[Round "7.7"]
[White "Holst, Marten"]
[Black "Fuhrmann, Bahne"]
[Result "0-1"]
[WhiteElo "1932"]
[BlackElo "1901"]
[PlyCount "64"]
[EventDate "2022.??.??"]

1. b3 e5 2. Bb2 Nc6 3. e3 Nf6 4. c4 d5 5. cxd5 Nxd5 6. Bb5 Bd7 7. Nc3 Nxc3 8.
Bxc3 Nb4 9. Bxd7+ Qxd7 10. Bxb4 Bxb4 11. a3 Be7 12. Ne2 O-O-O 13. d4 Bf6 14.
dxe5 Bxe5 15. Qxd7+ Rxd7 16. Rb1 Rhd8 17. f4 Bb2 18. Rxb2 Rd1+ 19. Kf2 Rxh1 20.
h3 Rdd1 21. Ng3 Rb1 22. Rc2 Rhc1 23. Rxc1 Rxc1 24. Nf5 Rc3 25. Nd4 c5 26. Nb5
Rxb3 27. Nd6+ Kd7 28. Nxf7 Rxa3 29. Ne5+ Ke7 30. g4 a5 31. Nc4 Ra2+ 32. Kf3 a4
0-1

[Event "LLHH 2122 Hamburger SK VI - SV Diagonal"]
[Site "?"]
[Date "2022.05.07"]
[Round "7.8"]
[White "Jantzen, Hans-Joerg"]
[Black "Syed, Tareq"]
[Result "1/2-1/2"]
[WhiteElo "2175"]
[BlackElo "1967"]
[PlyCount "118"]
[EventDate "2022.??.??"]

1. d4 d6 2. Nc3 Nf6 3. e4 e5 4. d5 c6 5. f3 Be7 6. Be3 O-O 7. Qd2 Nbd7 8. a4
cxd5 9. exd5 b6 10. Bb5 Bb7 11. Nge2 a6 12. Bc4 Qc8 13. Ba2 b5 14. a5 Qc7 15.
b4 Rac8 16. Bb3 Qb8 17. Rd1 Nh5 18. O-O f5 19. f4 exf4 20. Nxf4 Nxf4 21. Bxf4
Bf6 22. Ne2 Rfe8 23. Nd4 g6 24. Ne6 Ne5 25. Bg5 Bh8 26. Qf2 Ba8 27. Qg3 Qc7 28.
h4 Qd7 29. h5 Bb7 30. hxg6 hxg6 31. Bf4 Qh7 32. Rfe1 Bf6 33. Rxe5 dxe5 34. Bxe5
Qh5 35. Rd2 Bh4 36. Qe3 Qg4 37. d6 Rc4 38. Bxc4 bxc4 39. d7 Rxe6 40. d8=Q+ Bxd8
41. Rxd8+ Kf7 42. Rd7+ Re7 43. Rxe7+ Kxe7 44. Qd2 Ke8 45. Bc7 Qe4 46. c3 Kf7
47. Bf4 Qd5 48. Qe2 Qe4 49. Qd2 Qd5 50. Qxd5+ Bxd5 51. Bg5 Ke6 52. Kf2 Bc6 53.
g3 Kd5 54. Ke3 Ba4 55. Bf6 Kc6 56. Kd4 Kb5 57. Ke5 Bc2 58. Kd4 Bd3 59. Bg5 Be2
1/2-1/2

[Event "LLHH 2122 SK Weisse Dame - FC St. Pauli"]
[Site "?"]
[Date "2022.05.07"]
[Round "7.1"]
[White "Trisic, Aleksandar"]
[Black "Popist, Florian"]
[Result "1-0"]
[WhiteElo "2332"]
[BlackElo "2136"]
[PlyCount "93"]
[EventDate "2022.??.??"]

1. Nf3 c5 2. b3 g6 3. Bb2 Nf6 4. e4 Bg7 5. e5 Nd5 6. d4 cxd4 7. Qxd4 Nc7 8.
Nbd2 Ne6 9. Qe3 Nc6 10. O-O-O Qa5 11. a3 Qc5 12. Qe1 b5 13. Ne4 Qb6 14. Nc3 Nc7
15. Kb1 a6 16. h4 h6 17. Bd3 Bb7 18. h5 g5 19. Bf5 O-O-O 20. Qe2 Ne6 21. Nd5
Qc5 22. b4 Qa7 23. Rd2 Rhe8 24. Rhd1 Kb8 25. c4 bxc4 26. Qxc4 Rc8 27. Qb3 Ncd8
28. Ne3 Bc6 29. Nc4 Rc7 30. Na5 Qb6 31. Nd4 Nxd4 32. Bxd4 Qb5 33. f3 Ne6 34.
Bb2 Rec8 35. Nxc6+ Qxc6 36. Be4 Qb6 37. Ka2 a5 38. Rxd7 axb4 39. Qxb4 Qxb4 40.
axb4 Rxd7 41. Rxd7 Rc7 42. Rd2 Ka7 43. Bf5 Nf4 44. Rd8 e6 45. Be4 Ka6 46. Ra8+
Ra7 47. Rb8 1-0

[Event "LLHH 2122 SK Weisse Dame - FC St. Pauli"]
[Site "?"]
[Date "2022.05.07"]
[Round "7.3"]
[White "Breyther, Ruediger"]
[Black "Lansky, Georg"]
[Result "1/2-1/2"]
[WhiteElo "2249"]
[BlackElo "2012"]
[PlyCount "39"]
[EventDate "2022.??.??"]

1. e4 e6 2. d4 d5 3. Nd2 Nf6 4. e5 Nfd7 5. c3 c5 6. Bd3 b6 7. Ne2 Ba6 8. Bxa6
Nxa6 9. O-O Nc7 10. Nf4 Be7 11. Qg4 g6 12. Re1 h5 13. Qd1 Nb8 14. dxc5 bxc5 15.
Nb3 Nc6 16. Be3 c4 17. Na5 Nxa5 18. Qa4+ Qd7 19. Qxa5 O-O 20. Bc5 1/2-1/2

[Event "LLHH 2122 SK Weisse Dame - FC St. Pauli"]
[Site "?"]
[Date "2022.05.07"]
[Round "7.4"]
[White "Ludwig, Jan"]
[Black "Mitscherling, Andreas"]
[Result "1/2-1/2"]
[WhiteElo "2055"]
[BlackElo "2181"]
[PlyCount "135"]
[EventDate "2022.??.??"]

1. e4 e6 2. d4 d5 3. e5 c5 4. Qg4 Qc7 5. Nf3 f5 6. Qg3 Nc6 7. a3 Nxd4 8. Nxd4
cxd4 9. Bd3 Nh6 10. O-O Nf7 11. Re1 g5 12. Bxg5 Rg8 13. Bd8 Qxe5 14. Rxe5 Rxg3
15. hxg3 Nxe5 16. Bf6 Nc6 17. f4 Kf7 18. Bh4 Bh6 19. b4 a6 20. b5 axb5 21. Bxb5
Ra5 22. a4 Bg7 23. Na3 d3 24. Rd1 dxc2 25. Nxc2 Bf8 26. Kf2 Bd7 27. Kf3 Be8 28.
g4 fxg4+ 29. Kxg4 Ra8 30. Kf3 h5 31. Bf2 Rc8 32. Ne3 Bg7 33. Nf1 Ne7 34. Bxe8+
Kxe8 35. Ng3 Rc3+ 36. Ke2 h4 37. Nh5 Bh6 38. Bxh4 Ng6 39. Bg3 Rb3 40. f5 exf5
41. Rxd5 f4 42. Rd6 Re3+ 43. Kf1 Re5 44. Rxg6 Rxh5 45. Be1 Kd7 46. Bd2 Rd5 47.
Ke1 Rd6 48. Rxd6+ Kxd6 49. Kf2 b5 50. axb5 Kc5 51. Kf3 Kxb5 52. Bxf4 Bf8 53.
Ke4 Kc6 54. Kf5 Kd7 55. Kg6 Ke6 56. Bg5 Bd6 57. g4 Bc5 58. Bf6 Be3 59. Bg7 Bd2
60. Bh6 Bc3 61. Kh7 Bf6 62. Kg6 Bd4 63. Bf4 Bf6 64. Bd6 Bd4 65. Bf8 Be3 66. Bh6
Bd4 67. Bg7 Be3 68. g5 1/2-1/2

[Event "LLHH 2122 SK Weisse Dame - FC St. Pauli"]
[Site "?"]
[Date "2022.05.07"]
[Round "7.5"]
[White "zur Lage, Julian"]
[Black "Schiele, Lars"]
[Result "1/2-1/2"]
[WhiteElo "2152"]
[BlackElo "2063"]
[PlyCount "35"]
[EventDate "2022.??.??"]

1. d4 Nf6 2. Nf3 e6 3. c4 Bb4+ 4. Nbd2 b6 5. g3 Bb7 6. Bg2 O-O 7. O-O Re8 8. a3
Bf8 9. b3 c5 10. Bb2 cxd4 11. Bxd4 d6 12. Bb2 Nbd7 13. Re1 Rc8 14. Nd4 Bxg2 15.
Kxg2 a6 16. Rc1 Rc7 17. Nf1 Qb8 18. f3 1/2-1/2

[Event "LLHH 2122 SK Weisse Dame - FC St. Pauli"]
[Site "?"]
[Date "2022.05.07"]
[Round "7.6"]
[White "Kuhle, Sebastian"]
[Black "Priebe, Jan"]
[Result "0-1"]
[WhiteElo "2039"]
[BlackElo "2193"]
[PlyCount "108"]
[EventDate "2022.??.??"]

1. c4 Nf6 2. Nc3 g6 3. e4 d6 4. g3 Bg7 5. Bg2 O-O 6. Nge2 c5 7. O-O Nc6 8. d3
a6 9. h3 Rb8 10. f4 Bd7 11. f5 b5 12. g4 bxc4 13. dxc4 Ne5 14. b3 Bc6 15. Ng3
a5 16. Bf4 Nfd7 17. Rc1 a4 18. Nd5 axb3 19. axb3 Rb7 20. Bg5 Bxd5 21. exd5 f6
22. Bd2 Qb6 23. Rc3 Rfb8 24. Be4 Qa5 25. fxg6 hxg6 26. Qc2 Kf7 27. Ne2 Ra7 28.
Nf4 Nf8 29. Bc1 Qa2 30. Bb2 Bh6 31. Ne6 Nxe6 32. dxe6+ Kg7 33. Ra1 Qxa1+ 34.
Bxa1 Rxa1+ 35. Kg2 Rc1 36. Qb2 Nxc4 37. Rxc4 Rxc4 38. Bb1 Rd4 39. Qc3 Rbb4 40.
Bd3 Rd5 41. Bc4 Re5 42. Qa1 f5 43. Qa7 Bg5 44. Qa8 Bf6 45. Qe8 fxg4 46. hxg4 d5
47. Qf7+ Kh6 48. Bd3 Rxg4+ 49. Kf3 Reg5 50. Qf8+ Kh5 51. Qg8 Rg3+ 52. Ke2 Kg4
53. Kd2 Rg2+ 54. Kd1 Kf3 0-1

[Event "LLHH 2122 SK Weisse Dame - FC St. Pauli"]
[Site "?"]
[Date "2022.05.07"]
[Round "7.7"]
[White "Richter, Maik"]
[Black "Purniel Umpierre, Christian"]
[Result "1-0"]
[WhiteElo "2160"]
[BlackElo "2000"]
[PlyCount "47"]
[EventDate "2022.??.??"]

1. e4 c5 2. Nc3 a6 3. g3 b5 4. Bg2 Bb7 5. Nge2 e6 6. d4 Nf6 7. O-O Qc7 8. d5
exd5 9. e5 d4 10. Bxb7 Qxb7 11. exf6 dxc3 12. Nxc3 gxf6 13. Nd5 Qc6 14. Bf4 d6
15. Re1+ Kd8 16. Nxf6 Nd7 17. Re8+ Kc7 18. Rxa8 Qxa8 19. Nd5+ Kb7 20. Qh5 Qe8
21. Kf1 Qe6 22. Re1 Qg6 23. Qf3 Ka7 24. Re8 1-0

[Event "LLHH 2122 SK Weisse Dame - FC St. Pauli"]
[Site "?"]
[Date "2022.05.07"]
[Round "7.8"]
[White "Lam, Daniel"]
[Black "Reuber, Artur"]
[Result "1/2-1/2"]
[WhiteElo "1917"]
[BlackElo "2148"]
[PlyCount "93"]
[EventDate "2022.??.??"]

1. e4 d5 2. exd5 Qxd5 3. Nc3 Qd6 4. d4 Nf6 5. g3 Nc6 6. Nb5 Qd8 7. d5 Nb4 8. c4
c6 9. dxc6 bxc6 10. Qxd8+ Kxd8 11. Na3 e5 12. Bd2 Bf5 13. Rd1 Kc7 14. Bc3 Re8
15. Nf3 Be4 16. Be2 Nxa2 17. Ba5+ Kb7 18. O-O Bb4 19. Bxb4 Nxb4 20. c5 Bd5 21.
Nc4 Bxc4 22. Bxc4 Nfd5 23. Ng5 Re7 24. Rfe1 f6 25. Ne4 Nc2 26. Re2 Ncb4 27. Ra1
Rd8 28. Kg2 Ra8 29. Rd2 a5 30. Bb3 Kb8 31. Nd6 Rea7 32. Ba4 Kc7 33. Kf3 Rb8 34.
Rad1 Raa8 35. Nc4 Rd8 36. Ke2 Rd7 37. Nb6 Rdd8 38. Nxa8+ Rxa8 39. Rc1 Rb8 40.
Rc4 g5 41. h4 h6 42. Kf3 f5 43. hxg5 hxg5 44. Rd1 Nd3 45. Rxd3 e4+ 46. Rxe4
fxe4+ 47. Kxe4 1/2-1/2

[Event "LLHH 2122 Hamburger SK IV - TV Fischbek"]
[Site "?"]
[Date "2022.05.08"]
[Round "9.1"]
[White "de Voogt, Juergen"]
[Black "Weihrauch, Jakob"]
[Result "1/2-1/2"]
[WhiteElo "2239"]
[BlackElo "2139"]
[PlyCount "120"]
[EventDate "2022.??.??"]

1. e4 c5 2. Nc3 a6 3. g3 b5 4. Bg2 Bb7 5. d3 e6 6. Qe2 Nf6 7. f4 b4 8. Nd1 Be7
9. Nf3 Nc6 10. Be3 d5 11. e5 Ng4 12. Bd2 Nh6 13. c3 Nf5 14. O-O h5 15. Ne3 Nxe3
16. Bxe3 bxc3 17. bxc3 d4 18. cxd4 cxd4 19. Bf2 Rb8 20. Rab1 Nb4 21. Nxd4 Bxg2
22. Kxg2 Qd5+ 23. Qe4 Kd7 24. Qxd5+ exd5 25. Nf5 Nxd3 26. Nxe7 Kxe7 27. Bd4
Rhc8 28. Kf3 Nb4 29. Rf2 Rc4 30. Rd2 Rb5 31. Rb3 Nxa2 32. Rxb5 axb5 33. Rxa2
Rxd4 34. Ra6 Rd3+ 35. Ke2 Rb3 36. Rd6 Rb2+ 37. Ke3 Rxh2 38. Rxd5 Rb2 39. f5 Rb4
40. Rd6 Rg4 41. Kf3 b4 42. Rb6 Rc4 43. Rb7+ Ke8 44. f6 gxf6 45. exf6 Rc6 46.
Rb8+ Kd7 47. Rxb4 Rxf6+ 48. Kg2 Ke6 49. Kh3 Rf1 50. Rb5 f5 51. Kh4 Rg1 52. Ra5
Kf6 53. Kh3 Rb1 54. Ra4 Re1 55. Rb4 Re3 56. Rb8 Re1 57. Rf8+ Kg6 58. Rg8+ Kf7
59. Ra8 Rh1+ 60. Kg2 Rb1 1/2-1/2

[Event "LLHH 2122 Hamburger SK IV - TV Fischbek"]
[Site "?"]
[Date "2022.05.08"]
[Round "9.3"]
[White "Schermer, Denis"]
[Black "Groetzbach, Daniel"]
[Result "1-0"]
[WhiteElo "1996"]
[BlackElo "2109"]
[PlyCount "77"]
[EventDate "2022.??.??"]

1. d4 d5 2. c4 c6 3. Nf3 Nf6 4. e3 e6 5. b3 Nbd7 6. Bb2 Bd6 7. Bd3 Qe7 8. Ne5
Nxe5 9. dxe5 Bb4+ 10. Nc3 dxc4 11. Bxc4 Nd5 12. Qd2 Qc5 13. Rc1 Qa5 14. Bd3 O-O
15. Bb1 Rd8 16. Qc2 g6 17. O-O Bf8 18. Ne4 Bg7 19. Rfd1 Qc7 20. Nd6 Bd7 21. Qe4
b6 22. Qf3 Be8 23. Be4 Qe7 24. Qg3 Qf8 25. Ba3 Qe7 26. f4 a5 27. Qf3 a4 28. b4
Bf8 29. b5 c5 30. Bxd5 exd5 31. Rxd5 Bd7 32. Rcd1 Be6 33. R5d2 Kh8 34. Qc6 Bg4
35. Nxf7+ Qxf7 36. Rxd8 Ra7 37. e6 Bxe6 38. Rxf8+ Qxf8 39. Qxe6 1-0

[Event "LLHH 2122 Hamburger SK IV - TV Fischbek"]
[Site "?"]
[Date "2022.05.08"]
[Round "9.4"]
[White "Meier, David Geffrey"]
[Black "Peters, Thomas"]
[Result "1-0"]
[WhiteElo "2083"]
[BlackElo "1832"]
[PlyCount "63"]
[EventDate "2022.??.??"]

1. d4 d5 2. c4 c6 3. Nc3 Nf6 4. Nf3 Qb6 5. Qb3 e6 6. g3 dxc4 7. Qxc4 Qb4 8. Qd3
Be7 9. Bg2 Qa5 10. O-O O-O 11. e4 Nbd7 12. e5 Nd5 13. Ng5 Bxg5 14. Bxg5 f6 15.
exf6 Nxc3 16. fxg7 Rf7 17. Bd2 Qh5 18. bxc3 Rxg7 19. Rfe1 Nf6 20. Re5 Qf7 21.
Rae1 Bd7 22. R5e2 h5 23. h4 Re8 24. Bg5 Nh7 25. Bf4 Nf6 26. Be5 Rg6 27. Re3 Ng4
28. Rf3 Qh7 29. Rf4 Nxe5 30. Rxe5 Rg7 31. Qxh7+ Rxh7 32. Bf3 1-0

[Event "LLHH 2122 Hamburger SK IV - TV Fischbek"]
[Site "?"]
[Date "2022.05.08"]
[Round "9.5"]
[White "Rolf, Marco"]
[Black "Juergens, Bernhard"]
[Result "0-1"]
[WhiteElo "2059"]
[BlackElo "2138"]
[PlyCount "76"]
[EventDate "2022.??.??"]

1. d4 f5 2. Nc3 Nf6 3. Bg5 d5 4. Bxf6 exf6 5. e3 Be6 6. Bd3 Nc6 7. Nge2 Qd7 8.
Nf4 Bf7 9. Qf3 Ne7 10. h4 h5 11. O-O-O O-O-O 12. Bb5 c6 13. Bf1 Kb8 14. Nd3 b6
15. Nb4 a5 16. Na6+ Ka7 17. Qe2 Nc8 18. Na4 Qb7 19. Rh3 Nd6 20. e4 dxe4 21. d5
Bxd5 22. Rxd5 cxd5 23. N6c5 bxc5 24. Rb3 Qc6 25. Rb6 Qxb6 26. Nxb6 Kxb6 27.
Qa6+ Kc7 28. Qxa5+ Kd7 29. Qxc5 Ke6 30. f3 Be7 31. fxe4 fxe4 32. Be2 f5 33. a4
Bxh4 34. c4 Nxc4 35. Bxc4 dxc4 36. Qxc4+ Kf6 37. Qc3+ Kg6 38. Qc6+ Bf6 0-1

[Event "LLHH 2122 Hamburger SK IV - TV Fischbek"]
[Site "?"]
[Date "2022.05.08"]
[Round "9.6"]
[White "Atri, Jamshid"]
[Black "Reichhardt, Philip"]
[Result "1/2-1/2"]
[WhiteElo "1984"]
[BlackElo "1992"]
[PlyCount "114"]
[EventDate "2022.??.??"]

1. e4 c5 2. Nf3 Nc6 3. d4 cxd4 4. Nxd4 e5 5. Nb5 d6 6. c4 a6 7. N5c3 Nf6 8. Be2
Be7 9. Be3 O-O 10. O-O Be6 11. Na3 Nd7 12. Qd2 f5 13. exf5 Bxf5 14. Nd5 Nf6 15.
Nxe7+ Qxe7 16. Nb1 Kh8 17. Nc3 Rac8 18. Rfd1 Rfd8 19. Rac1 Qf7 20. f3 Ne7 21.
b3 Be6 22. Bf2 d5 23. cxd5 Nexd5 24. Nxd5 Rxc1 25. Qxc1 Nxd5 26. Qg5 Qf6 27.
Bh4 Rd7 28. Bc4 Qxg5 29. Bxg5 b5 30. Bxd5 Rxd5 31. Re1 h6 32. Bc1 Bf7 33. Kf2
a5 34. Re2 Bg6 35. Bb2 a4 36. bxa4 bxa4 37. Bxe5 Bd3 38. Rd2 Bc4 39. Rxd5 Bxd5
40. a3 Kg8 41. h4 g6 42. Ke3 Bb3 43. Kf4 h5 44. Kg5 Bc2 45. Kh6 Bd3 46. g4 hxg4
47. fxg4 Bc2 48. Kg5 Kf7 49. Kh6 Kg8 50. Bd6 Bd3 51. Bb4 Bc2 52. Kg5 Kf7 53.
Kf4 Bd1 54. Bc3 Kg8 55. g5 Kf7 56. Ke5 Bb3 57. Kd6 Bd1 1/2-1/2

[Event "LLHH 2122 Hamburger SK IV - TV Fischbek"]
[Site "?"]
[Date "2022.05.08"]
[Round "9.7"]
[White "Egelriede, Nikolas"]
[Black "Colpe, Helge"]
[Result "1/2-1/2"]
[WhiteElo "1855"]
[BlackElo "2030"]
[PlyCount "47"]
[EventDate "2022.??.??"]

1. e4 e5 2. Nf3 Nc6 3. Nc3 Nf6 4. d4 exd4 5. Nd5 Be7 6. Bf4 d6 7. Nxd4 O-O 8.
Nb5 Nxd5 9. exd5 Ne5 10. Be2 Ng6 11. Bg3 Bf6 12. c3 Re8 13. O-O a6 14. Nd4 Bxd4
15. cxd4 b6 16. Bf3 Bb7 17. Rc1 Qd7 18. Qc2 Re7 19. h3 Rae8 20. a4 a5 21. Bg4
Qd8 22. Bf3 Qd7 23. Bg4 Qd8 24. Bf3 1/2-1/2

[Event "LLHH 2122 Hamburger SK V - SC Königssp"]
[Site "?"]
[Date "2022.05.08"]
[Round "9.1"]
[White "Harder, Clemens"]
[Black "Schellhorn, Wolfgang"]
[Result "1-0"]
[WhiteElo "2149"]
[BlackElo "2138"]
[PlyCount "103"]
[EventDate "2022.??.??"]

1. d4 Nf6 2. c4 g6 3. Nc3 d5 4. Nf3 Bg7 5. Qb3 c6 6. cxd5 cxd5 7. Bg5 e6 8. e3
O-O 9. Bd3 Nc6 10. O-O Bd7 11. a3 Rc8 12. Ne5 h6 13. Bh4 g5 14. Bg3 Nh5 15.
Qxb7 Nxg3 16. hxg3 Rc7 17. Nxc6 Rxb7 18. Nxd8 Rxb2 19. Nxf7 Kxf7 20. Rab1 Rfb8
21. Rxb2 Rxb2 22. Rb1 Rxb1+ 23. Nxb1 Ke7 24. Kf1 Kd6 25. Ke2 Kc7 26. Kd2 Kb6
27. Kc3 Ka5 28. Kb3 Ba4+ 29. Kb2 Bb5 30. Bxb5 Kxb5 31. Kb3 Bf8 32. g4 Bd6 33.
Nc3+ Ka5 34. e4 dxe4 35. Nxe4 Bf8 36. Nc3 Bg7 37. Kc4 Bf8 38. Nb5 Kb6 39. a4 a6
40. Nc3 Ka5 41. Kb3 Bg7 42. Ne2 Bf6 43. g3 Kb6 44. f4 Kc6 45. Kc4 Kd6 46. Nc3
Be7 47. Ne4+ Kc6 48. f5 h5 49. f6 Bxf6 50. Nxf6 h4 51. gxh4 gxh4 52. Ne4 1-0

[Event "LLHH 2122 Hamburger SK V - SC Königssp"]
[Site "?"]
[Date "2022.05.08"]
[Round "9.2"]
[White "Czeremin, Claus"]
[Black "Cremer, Jochen"]
[Result "0-1"]
[WhiteElo "2025"]
[BlackElo "2101"]
[PlyCount "94"]
[EventDate "2022.??.??"]

1. Nf3 Nf6 2. g3 d5 3. Bg2 g6 4. O-O Bg7 5. c4 c6 6. d4 O-O 7. b3 Bg4 8. h3
Bxf3 9. Bxf3 Ne4 10. Bb2 f5 11. Nd2 e6 12. Bg2 Nd7 13. Nf3 Qc7 14. Rc1 Qd6 15.
Rc2 Rac8 16. Qa1 Rfd8 17. Rd1 Qe7 18. e3 Bh6 19. c5 Rf8 20. b4 g5 21. Rd3 Bg7
22. a4 g4 23. Ne5 Nxe5 24. dxe5 gxh3 25. Bxh3 Kh8 26. Bg2 Bh6 27. Rb3 Rg8 28.
Bxe4 fxe4 29. Bd4 Rcf8 30. Qf1 Rf3 31. Qh3 Bf4 32. exf4 Rxb3 33. Rb2 Rd3 34.
Be3 d4 35. Bd2 e3 36. Be1 Qf7 37. b5 Rd1 38. Kf1 Qg6 39. f5 exf5 40. fxe3 dxe3
41. Ke2 Rgd8 42. Bc3 R1d3 43. Rc2 Kg8 44. Rc1 Qe6 45. Kf3 e2+ 46. Kxe2 Qa2+ 47.
Ke1 Rxc3 0-1

[Event "LLHH 2122 Hamburger SK V - SC Königssp"]
[Site "?"]
[Date "2022.05.08"]
[Round "9.4"]
[White "Schulz, Wolfgang"]
[Black "Lock, Adrian"]
[Result "0-1"]
[WhiteElo "2032"]
[BlackElo "2074"]
[PlyCount "120"]
[EventDate "2022.??.??"]

1. e4 e6 2. d4 d5 3. Nd2 Nc6 4. Ngf3 Nf6 5. e5 Nd7 6. c3 f6 7. exf6 Qxf6 8. Bb5
Bd6 9. O-O O-O 10. Bxc6 bxc6 11. c4 c5 12. cxd5 exd5 13. dxc5 Nxc5 14. Nb3 c6
15. Bg5 Qg6 16. Nbd4 Bg4 17. Bh4 Ne4 18. Bg3 c5 19. Nc6 d4 20. Nfe5 Bxd1 21.
Nxg6 Nxg3 22. Nce7+ Bxe7 23. Nxe7+ Kf7 24. hxg3 Kxe7 25. Rfxd1 Rab8 26. b3 Kd6
27. Rac1 Kd5 28. Rc2 Rfe8 29. Kf1 Re6 30. Rdc1 Rc8 31. Rd1 a5 32. Rcd2 Rb8 33.
Rc2 a4 34. Rdc1 Rc6 35. Rb2 Rb4 36. Rcb1 Rcb6 37. Ke2 Ke4 38. f3+ Kd5 39. Kd2
Re6 40. Kd3 Re3+ 41. Kd2 h6 42. Kd1 Re6 43. Kd2 Rg6 44. g4 Rgb6 45. Kd3 Re6 46.
Kd2 Re3 47. Kd1 axb3 48. axb3 Rc3 49. Kd2 Ke5 50. Ke2 Kf4 51. Kf2 Rb5 52. g3+
Ke5 53. Re2+ Kd6 54. Reb2 Rb7 55. Kg2 Re7 56. Rd1 Kd5 57. b4 c4 58. b5 Rb3 59.
Rxb3 cxb3 60. b6 Rb7 0-1

[Event "LLHH 2122 Hamburger SK V - SC Königssp"]
[Site "?"]
[Date "2022.05.08"]
[Round "9.5"]
[White "Schroeter, Baldur"]
[Black "Emami, Madjid"]
[Result "1-0"]
[WhiteElo "2020"]
[BlackElo "1971"]
[PlyCount "83"]
[EventDate "2022.??.??"]

1. e4 g6 2. d4 Bg7 3. Nc3 c6 4. Be3 d5 5. Qd2 Nf6 6. e5 Ng4 7. Bf4 h5 8. O-O-O
Nh6 9. Kb1 Na6 10. Nf3 Bg4 11. Be2 e6 12. h3 Bxf3 13. Bxf3 b5 14. Be2 h4 15.
Bg5 Qa5 16. Nxb5 Qxd2 17. Nd6+ Kd7 18. Bxd2 Nc7 19. Bxh6 Bxh6 20. Nxf7 Rh7 21.
Bd3 Bf8 22. Ng5 Rg7 23. g3 hxg3 24. fxg3 Be7 25. h4 c5 26. c3 Rb8 27. dxc5 Bxc5
28. Rhf1 Be3 29. Rf6 Bxg5 30. hxg5 Rbg8 31. Rdf1 Ke7 32. Rh1 Ne8 33. Rf4 Kd8
34. Kc2 Kc7 35. Bb5 Kd8 36. Bxe8 Kxe8 37. Rf6 Ke7 38. Kd3 Rb8 39. b3 Rbg8 40.
Rh6 Rf8 41. Rxf8 Kxf8 42. Rh8+ 1-0

[Event "LLHH 2122 Hamburger SK V - SC Königssp"]
[Site "?"]
[Date "2022.05.08"]
[Round "9.6"]
[White "Kleiner, Michael"]
[Black "Streich, Justus"]
[Result "0-1"]
[WhiteElo "2087"]
[BlackElo "1942"]
[PlyCount "68"]
[EventDate "2022.??.??"]

1. e4 e5 2. Nf3 Nc6 3. Bb5 Nf6 4. O-O Nxe4 5. Re1 Nd6 6. Bxc6 dxc6 7. Nxe5 Be7
8. Qe2 Be6 9. d3 O-O 10. Bd2 Ne8 11. Nxf7 Rxf7 12. Qxe6 Qd4 13. Bc3 Qxf2+ 14.
Kh1 Bd6 15. Nd2 Qf5 16. Nf3 Qxe6 17. Rxe6 Nf6 18. Bxf6 Rxf6 19. Rxf6 gxf6 20.
Re1 Rf8 21. g3 c5 22. Kg2 Kg7 23. d4 cxd4 24. Nxd4 Kg6 25. c3 a6 26. g4 h5 27.
Re4 hxg4 28. Rxg4+ Kh5 29. Kh3 f5 30. Rg2 f4 31. Rf2 Rf6 32. Nf3 Re6 33. Rg2
Re3 34. Rg5+ Kh6 0-1